Formule 1: Les coéquipiers de Sebastian Vettel - Statistiques

Statistiques générales
  • Ce quiz a été pris 2 254 fois
    1 839 depuis la dernière actualisation
  • Le résultat moyen est 5 sur 7
Statistiques - réponses
Equipe Saison Pilote % Correct
Ferrari 2019 Charles Leclerc
98%
Aston Martin 2021 Lance Stroll
97%
Ferrari 2015 Kimi Räikkönen
92%
Red Bull 2009 Mark Webber
89%
Red Bull 2014 Daniel Ricciardo
86%
Toro Rosso 2008 Sébastien Bourdais
31%
BMW Sauber 2007 Nick Heidfeld
23%
Aucun quiz correspondant
Distribution des résultats
% des personnes avec chaque résultat
Percentile par nombre de réponses
Votre historique - résultats
Vous n’avez pas pris ce quiz depuis la dernière actualisation